| 000 | 02109cam a22003255a 4500 | ||
|---|---|---|---|
| 001 | 16603551 | ||
| 003 | EG-ScBUE | ||
| 005 | 20220413125121.0 | ||
| 008 | 110107s2014 enka f b 001 0 eng d | ||
| 020 | _a9780415709781 | ||
| 040 |
_aEG-ScBUE _beng _erda _cEG-ScBUE _dEG-ScBUE |
||
| 082 | 0 | 4 |
_a401.41 _bROU _222 |
| 245 | 0 | 4 |
_aThe Routledge handbook of discourse analysis / _cedited by James Paul Gee and Michael Handford. |
| 264 | 1 |
_aLondon ; _aNew York : _bRoutledge, _c2014. |
|
| 300 |
_axxvi, 681 pages : _billustrations ; _c26 cm. |
||
| 336 |
_2rdacontent _atext _btxt |
||
| 337 |
_2rdamedia _aunmediated _bn |
||
| 338 |
_2rdacarrier _avolume _bnc |
||
| 490 | 0 | _aRoutledge handbooks in applied linguistics | |
| 500 | _aOriginally published in 2012. | ||
| 504 | _aIncludes bibliographical references and index. | ||
| 520 | _aThe Routledge Handbook of Discourse Analysis covers the major approaches to Discourse Analysis from Critical Discourse Analysis to Multimodal Discourse Analysis and their applications in key educational and institutional settings. The handbook is divided into six sections: Approaches to Discourse Analysis, Approaches to Spoken Discourse, Genres and Practices, Educational Applications, Institutional Applications, and Identity, Culture and Discourse. The chapters are written by a wide range of contributors from around the world, each a leading researcher in their respective field. All chapters have been closely edited by James Paul Gee and Michael Handford. With a focus on the application of Discourse Analysis to real-life problems, the contributors introduce the reader to a topic, and analyse authentic data. The Routledge Handbook of Discourse Analysis is vital reading for linguistics students as well as students of communication and cultural studies, social psychology and anthropology. | ||
| 650 | 7 |
_aDiscourse analysis. _2BUEsh _9776 |
|
| 651 | 7 | _2BUEsh | |
| 653 |
_bHHUUEENN _cAugust 2016 _cJuly2019 |
||
| 655 |
_vReading book _934232 |
||
| 700 | 1 |
_aGee, James Paul‏, _eeditor. _940624 |
|
| 700 | 1 |
_aHandford, Michael, _eeditor. _933599 |
|
| 942 |
_2ddc _cBB |
||
| 999 |
_c22102 _d22074 |
||